000 00864nam a2200253Ia 4500
003 OSt
005 20221005113037.0
006 a|||||r|||| 00| 0
007 ta
008 221004b |||||||| |||| 00| 0 pan d
020 _a817183020X (hbk)
_c200
024 _a117450
037 _b552, 14/12/2011, H.K. Prakashan
_cTextual
040 _aCRL
_cCRL
_bpan
041 _2pan
_apan
082 _aNT44, 153P8
100 _aਵਰਮਾ, ਪਰਮਜੀਤ
245 0 _aਰੰਗਮੰਚ
_b ਸਿਰਜਣਾ ਤੇ ਸੰਵਾਦ
260 _aਦਿੱਲੀ
_bਬਿਨ ਚੰਦ ਐ੍ਵਡ ਸ੍ਵਸ ਭਾਰਤ
_c2008
300 _a75ਪੰ
_ccm.
650 _aਵਧੀਆ ਕਲਾ
_9156314
942 _hNT44, 153P8
_cTEXL
_2cc
999 _c1026868
_d1026868